[Event "XXIX Memorial Edoardo Crespi B"]
[Site "Milano ITA"]
[Date "2008.12.07"]
[Round "5"]
[White "Regorda, Massimiliano"]
[Black "Bisignano, Giuseppe"]
[Result "1-0"]
[WhiteElo "1898"]
[BlackElo "1903"]
[PlyCount "55"]
[EventDate "2008.12.04"]

1. e4 e5 2. Nf3 Nc6 3. d4 exd4 4. Bc4 Bc5 5. c3 d3 6. Qxd3 d6 7. b4 Bb6 8. O-O
Be6 9. a4 a6 10. Bg5 Qd7 11. Nbd2 Nge7 12. b5 Na5 13. bxa6 bxa6 14. Bxa6 O-O
15. Bc4 Ng6 16. Bxe6 fxe6 17. Nc4 Nb3 18. Nxb6 cxb6 19. Rad1 Nc5 20. Qxd6 Qxd6
21. Rxd6 Rxa4 22. Rxb6 Rxe4 23. Be3 Nd7 24. Rb7 Nge5 25. Ng5 Rc4 26. Bd4 Rc6
27. f4 Rf5 28. fxe5 1-0

[Event "XXIX Memorial Edoardo Crespi B"]
[Site "Milano ITA"]
[Date "2008.12.07"]
[Round "5"]
[White "Rossi, Giampiero"]
[Black "Gandolfi, Attilio"]
[Result "1-0"]
[WhiteElo "1984"]
[BlackElo "1844"]
[PlyCount "52"]
[EventDate "2008.12.04"]

1. d4 Nf6 2. c4 d5 3. cxd5 Nxd5 4. g3 e6 5. Bg2 Be7 6. e4 Nb6 7. Ne2 O-O 8.
Nbc3 N8d7 9. O-O c5 10. d5 exd5 11. exd5 Nf6 12. b3 Bd6 13. Bb2 a6 14. Qd2 Re8
15. Rfe1 Bf5 16. Nf4 Qc7 17. Rac1 Rxe1+ 18. Rxe1 c4 19. Ne4 Nxe4 20. Bxe4 Bxf4
21. gxf4 Bxe4 22. Rxe4 cxb3 23. Qd4 f6 24. d6 Qc6 25. axb3 Rd8 26. Ba3 26...
Nd5 {...} 1-0

[Event "XXIX Memorial Edoardo Crespi B"]
[Site "Milano ITA"]
[Date "2008.12.07"]
[Round "5"]
[White "Silari, Andrea"]
[Black "Cartella, Giovanni"]
[Result "0-1"]
[WhiteElo "1810"]
[BlackElo "1861"]
[PlyCount "120"]
[EventDate "2008.12.04"]

1. e4 c5 2. Nf3 d6 3. Bb5+ Bd7 4. Bxd7+ Nxd7 5. c4 Ngf6 6. Nc3 g6 7. d4 cxd4 8.
Nxd4 Bg7 9. b3 O-O 10. O-O a6 11. Kh1 Ne5 12. f4 Nc6 13. Nxc6 bxc6 14. Rb1 Qc7
15. Rf3 Rad8 16. Qe1 Nd7 17. Ba3 Qa5 18. Bb2 Rfe8 19. Rh3 d5 20. cxd5 cxd5 21.
Qh4 h5 22. e5 d4 23. Ne4 Nc5 24. Nxc5 Qxc5 25. Qf2 Rd5 26. Rd3 Red8 27. h3 f6
28. Rc1 Qb6 29. exf6 Qxf6 30. Rc7 e5 31. g3 Qf5 32. Qf1 R8d7 33. Rxd7 Rxd7 34.
Kg2 e4 35. Rd1 d3 36. Bxg7 Kxg7 37. Qe1 Qd5 38. Qe3 Rc7 39. Rd2 Rc2 40. Rxc2
dxc2 41. Qc3+ Kh7 42. Qxc2 e3+ 43. Kf1 Qf3+ 44. Ke1 Qxg3+ 45. Ke2 Qf2+ 46. Kd3
Qxf4 47. Qe2 Qf5+ 48. Kxe3 Qxh3+ 49. Kd2 Qd7+ 50. Ke1 a5 51. a3 Qb7 52. Qc4
Qe7+ 53. Kd2 Qxa3 54. Qf7+ Kh6 55. Qf4+ Kg7 56. Qe5+ Kf7 57. Qf4+ Ke7 58. Qe5+
Kd7 59. Qg7+ Qe7 60. Qc3 Qb4 0-1

[Event "XXIX Memorial Edoardo Crespi B"]
[Site "Milano ITA"]
[Date "2008.12.07"]
[Round "5"]
[White "Villalba, Fernando"]
[Black "Trent, Alan M."]
[Result "1-0"]
[WhiteElo "1934"]
[BlackElo "1867"]
[PlyCount "36"]
[EventDate "2008.12.04"]

1. d4 g6 2. Nf3 Bg7 3. c3 d6 4. Bf4 Nf6 5. h3 Be6 6. e3 O-O 7. Be2 c5 8. O-O
cxd4 9. cxd4 Qb6 10. b3 Nd5 11. Bh2 Nd7 12. Nbd2 Nc3 13. Qe1 Nxe2+ 14. Qxe2
Rac8 15. Rac1 Bh6 16. Nc4 Bxc4 17. bxc4 Nf6 18. Rb1 18... Qa6 {...} 1-0

[Event "XXIX Memorial Edoardo Crespi B"]
[Site "Milano ITA"]
[Date "2008.12.08"]
[Round "6"]
[White "Arboscelli, Gregorio"]
[Black "Gandolfi, Attilio"]
[Result "1-0"]
[WhiteElo "1898"]
[BlackElo "1844"]
[PlyCount "68"]
[EventDate "2008.12.04"]

1. d4 Nf6 2. c4 d5 3. cxd5 Nxd5 4. Nf3 e6 5. e4 Nb6 6. Nc3 Bb4 7. Bd3 O-O 8.
O-O c5 9. e5 Kh8 10. Ne4 c4 11. Bc2 Nd5 12. Nfg5 g6 13. Qg4 f5 14. exf6 Nxf6
15. Qh4 Qe7 16. a3 Ba5 17. Bf4 Bc7 18. Bxc7 Qxc7 19. Nxf6 Rxf6 20. Nxh7 Rf4 21.
Qh6 Qxh7 22. Qxf4 Nc6 23. Rfd1 Qg7 24. Qg5 Kh7 25. Qh5+ Qh6 26. Bxg6+ Kg7 27.
Qxh6+ Kxh6 28. Be8 Ne7 29. Re1 a6 30. Bf7 Kg7 31. Bxe6 Kf6 32. d5 Bxe6 33.
Rxe6+ Kf7 34. Rb6 Rb8 1-0

[Event "XXIX Memorial Edoardo Crespi B"]
[Site "Milano ITA"]
[Date "2008.12.08"]
[Round "6"]
[White "Bettini, Massimo"]
[Black "Acunzo, Domenico"]
[Result "1-0"]
[WhiteElo "1842"]
[BlackElo "1797"]
[PlyCount "55"]
[EventDate "2008.12.04"]

1. e4 e6 2. d4 d5 3. Nc3 Bb4 4. e5 c5 5. a3 Bxc3+ 6. bxc3 Ne7 7. Nf3 Nbc6 8. h4
Qa5 9. Bd2 cxd4 10. cxd4 Qa4 11. Be3 Na5 12. Bd3 Nc4 13. O-O Nf5 14. Qe2 Bd7
15. Kh2 h6 16. g4 Nfxe3 17. fxe3 Nb2 18. Qf2 O-O-O 19. Rab1 Nxd3 20. cxd3 Qxa3
21. Qc2+ Kb8 22. Rb3 Qe7 23. Rfb1 Bc8 24. Ra1 Rd7 25. Qa2 b6 26. Rxb6+ axb6 27.
Qa8+ Kc7 28. Rc1+ 1-0

[Event "XXIX Memorial Edoardo Crespi B"]
[Site "Milano ITA"]
[Date "2008.12.08"]
[Round "6"]
[White "Bisignano, Giuseppe"]
[Black "Guerra, Efrain"]
[Result "1-0"]
[WhiteElo "1903"]
[BlackElo "1941"]
[PlyCount "67"]
[EventDate "2008.12.04"]

1. e4 c5 2. Nc3 d6 3. Nf3 a6 4. d4 cxd4 5. Nxd4 Nc6 6. Be3 e6 7. Be2 Nf6 8. O-O
Be7 9. a3 Qc7 10. f4 O-O 11. Nb3 b5 12. Qe1 Bb7 13. Qf2 b4 14. axb4 Nxb4 15.
Bf3 d5 16. e5 Ne4 17. Bxe4 dxe4 18. Na5 Nd5 19. Nxd5 Bxd5 20. c4 Bb7 21. Bb6
Qc8 22. Rfd1 Rb8 23. Rac1 Ba8 24. c5 Bd5 25. c6 Bb4 26. c7 Rb7 27. Nc6 Bxc6 28.
Rxc6 Be7 29. Qd4 h6 30. Kf1 Qa8 31. Qd7 Bh4 32. g3 Rxb6 33. Rxb6 e3 34. Qc6 1-0

[Event "XXIX Memorial Edoardo Crespi B"]
[Site "Milano ITA"]
[Date "2008.12.08"]
[Round "6"]
[White "Carbone, Lorenzo"]
[Black "Regorda, Vittorio"]
[Result "0-1"]
[WhiteElo "1817"]
[BlackElo "1860"]
[PlyCount "170"]
[EventDate "2008.12.04"]

1. e4 c6 2. c4 d5 3. exd5 cxd5 4. cxd5 Nf6 5. Nc3 g6 6. Bb5+ Bd7 7. Qa4 Bg7 8.
Nf3 O-O 9. O-O a6 10. Ne5 Bxb5 11. Nxb5 Nxd5 12. Nf3 Nc6 13. Nc3 e6 14. a3 b5
15. Qe4 Nce7 16. d4 Qd6 17. Re1 Rac8 18. Bd2 Rfe8 19. Rac1 Nxc3 20. Rxc3 Rxc3
21. Bxc3 Nd5 22. Rc1 Rc8 23. Qd3 Qf4 24. Rd1 Qc7 25. Bd2 Qc2 26. Bc3 Qxd3 27.
Rxd3 Bf8 28. Bd2 Rc2 29. Rb3 Nb6 30. g4 Na4 31. Bc3 Nxc3 32. bxc3 Ra2 33. Kf1
Rxa3 34. Rxa3 Bxa3 35. Ke2 Bd6 36. Kd3 Kf8 37. h3 Ke7 38. Ng5 h6 39. Ne4 f5 40.
Nd2 fxg4 41. hxg4 h5 42. gxh5 gxh5 43. Ne4 h4 44. Ng5 a5 45. c4 bxc4+ 46. Kxc4
a4 47. f3 a3 48. Kb3 Bf4 49. Nh3 Bc1 50. Nf2 Bb2 51. Nh3 Kd6 52. Nf4 Kd7 53.
Nh3 Kc6 54. Nf4 Kd6 55. Ka2 Bc1 56. Ne2 Bb2 57. Nf4 Kd7 58. Nh3 Ke7 59. Kb3 Kf6
60. Ka2 Bc1 61. Kb3 Ke7 62. Nf2 Kd6 63. Nd3 Bb2 64. Nf4 Bxd4 65. Kxa3 e5 66.
Nh3 Be3 67. Kb3 Ke6 68. Kc3 Kf5 69. Kd3 Bd4 70. Ke2 Bb2 71. Kf2 Bc1 72. Kg2 Bf4
73. Ng1 Bg3 74. Ne2 Be1 75. Kh3 Ke6 76. Kg4 Kd5 77. Ng1 Kd4 78. Nh3 Ke3 79. Ng5
Bg3 80. Nf7 Kd4 81. Ng5 Ke3 82. Nf7 Kf2 83. Nxe5 Kg2 84. Ng6 h3 85. f4 h2 0-1

[Event "XXIX Memorial Edoardo Crespi B"]
[Site "Milano ITA"]
[Date "2008.12.08"]
[Round "6"]
[White "Cardani, Roberto"]
[Black "Regorda, Massimiliano"]
[Result "1/2-1/2"]
[WhiteElo "1900"]
[BlackElo "1898"]
[PlyCount "87"]
[EventDate "2008.12.04"]

1. e4 e5 2. Nf3 Nc6 3. Bb5 g6 4. c3 Bg7 5. O-O d6 6. h3 a6 7. Ba4 Nge7 8. d4
O-O 9. Bg5 b5 10. Bb3 Na5 11. Bc2 h6 12. Bh4 f6 13. Nbd2 c5 14. Re1 Be6 15. Nf1
cxd4 16. cxd4 Rc8 17. d5 Bd7 18. Ne3 Nc4 19. Nxc4 Rxc4 20. Bd3 Rc5 21. Nd2 f5
22. f3 fxe4 23. Nxe4 Rxd5 24. Bxe7 Qxe7 25. Bc4 bxc4 26. Qxd5+ Be6 27. Qxd6
Qxd6 28. Nxd6 Rb8 29. Rab1 Rb6 30. Ne4 Bf8 31. g4 Kg7 32. Kg2 Rb5 33. Nc3 Rc5
34. f4 Bd6 35. Rbd1 Bc7 36. fxe5 Bxe5 37. Re2 Bc8 38. Rd5 Rxd5 39. Nxd5 Bd6 40.
Ne3 Bb7+ 41. Kf1 Bf3 42. Rf2 Be4 43. Ke1 Bg3 44. Nxc4 1/2-1/2

[Event "XXIX Memorial Edoardo Crespi B"]
[Site "Milano ITA"]
[Date "2008.12.08"]
[Round "6"]
[White "Coladangelo, Andrea"]
[Black "Zeppos, Panagiotis"]
[Result "1-0"]
[WhiteElo "1893"]
[BlackElo "1823"]
[PlyCount "127"]
[EventDate "2008.12.04"]

1. e4 c5 2. Nf3 d6 3. d4 cxd4 4. Nxd4 Nf6 5. Nc3 g6 6. Be3 Bg7 7. f3 Nc6 8. Qd2
O-O 9. O-O-O d5 10. exd5 Nxd5 11. Nxc6 bxc6 12. Bd4 e5 13. Bc5 Be6 14. Ne4 Re8
15. Bc4 Qc7 16. h4 Rad8 17. Qf2 Bh6+ 18. Kb1 Nc3+ 19. Nxc3 Bxc4 20. Bxa7 Ra8
21. Bb6 Qb7 22. b3 Reb8 23. Be3 Bg7 24. Kc1 Qb4 25. Qd2 e4 26. Nb1 Qb5 27. Bd4
Bf8 28. Bb2 Rxa2 29. Qc3 Rxb2 30. Qxb2 Bh6+ 31. Nd2 e3 32. Nxc4 e2+ 33. Rd2
Bxd2+ 34. Kxd2 Qxc4 35. bxc4 Rxb2 36. Re1 Rb8 37. Rxe2 Rd8+ 38. Kc3 c5 39. Re5
Rc8 40. Kb3 Rb8+ 41. Kc3 Rc8 42. Kd3 Rc7 43. Ke4 f6 44. Re6 Kf7 45. Kd5 Ra7 46.
Rc6 Ra2 47. Kxc5 Rxc2 48. Kb6 Rxg2 49. Rc7+ Kg8 50. c5 Rf2 51. c6 Rxf3 52. Rd7
Rb3+ 53. Kc7 Rb4 54. Kd8 Rxh4 55. c7 Rc4 56. c8=Q Rxc8+ 57. Kxc8 h5 58. Kc7 g5
59. Kd6 g4 60. Ke6 g3 61. Kxf6 h4 62. Rg7+ Kf8 63. Rg4 h3 64. Rxg3 1-0

[Event "XXIX Memorial Edoardo Crespi B"]
[Site "Milano ITA"]
[Date "2008.12.08"]
[Round "6"]
[White "Fizzotti, Mario"]
[Black "Cartella, Giovanni"]
[Result "1-0"]
[WhiteElo "1795"]
[BlackElo "1861"]
[PlyCount "93"]
[EventDate "2008.12.04"]

1. d4 d5 2. c4 c6 3. Nf3 Nf6 4. Nc3 e6 5. cxd5 exd5 6. Bg5 Be7 7. Qc2 h6 8. Bh4
Be6 9. e3 Nbd7 10. Bd3 a6 11. a3 c5 12. O-O c4 13. Be2 O-O 14. Nd2 b5 15. f3
Ne8 16. Bxe7 Qxe7 17. e4 Ndf6 18. e5 Nh7 19. f4 Qa7 20. Nf3 g6 21. Rad1 Ng7 22.
Qd2 Rad8 23. Nh4 Qe7 24. g3 h5 25. Bf3 Ne8 26. f5 Bxf5 27. Nxf5 gxf5 28. Nxd5
Qg5 29. Qxg5+ Nxg5 30. Ne7+ Kh7 31. Nxf5 Nxf3+ 32. Rxf3 Nc7 33. Nd6 f6 34. Nb7
Rd5 35. exf6 Ne6 36. Re1 Nxd4 37. Re7+ Kg6 38. Rg7+ Kh6 39. Rf2 Nf5 40. Rc7
Rxf6 41. Nc5 Rd1+ 42. Rf1 Ne3 43. Rxd1 Nxd1 44. Ne4 Rg6 45. h4 Nxb2 46. Ng5 Rd6
47. Nf7+ 1-0

[Event "XXIX Memorial Edoardo Crespi B"]
[Site "Milano ITA"]
[Date "2008.12.08"]
[Round "6"]
[White "Guzzetti, Luigi Enrico"]
[Black "Silari, Andrea"]
[Result "1-0"]
[WhiteElo "1862"]
[BlackElo "1810"]
[PlyCount "97"]
[EventDate "2008.12.04"]

1. e4 c5 2. Nf3 Nc6 3. d4 cxd4 4. Nxd4 Nf6 5. Nc3 d6 6. Be2 e6 7. Be3 Be7 8.
O-O O-O 9. f4 e5 10. fxe5 dxe5 11. Nxc6 bxc6 12. a3 Be6 13. Qe1 Qc7 14. Qg3
Rfd8 15. Kh1 a5 16. Bg5 Ne8 17. Bxe7 Qxe7 18. Qxe5 Rd2 19. Bd3 Rxg2 20. Qh5 Rg5
21. Qf3 Bg4 22. Qf4 Bh3 23. Rg1 Rh5 24. Qg3 Rd8 25. Ne2 Bc8 26. Nf4 Rh6 27.
Raf1 Rdd6 28. Qg5 Qf6 29. Qxf6 Rdxf6 30. e5 Rxf4 31. Rxf4 c5 32. Rgf1 Be6 33.
Bc4 Bxc4 34. Rxc4 Rc6 35. Rd1 Kf8 36. Rd5 Rb6 37. b3 Ke7 38. Rdxc5 Ke6 39. Rxa5
g5 40. Rac5 Rb8 41. a4 Ng7 42. a5 Nf5 43. a6 Rd8 44. a7 Ne3 45. Rc6+ Kxe5 46.
R4c5+ Ke4 47. Rd6 Rxd6 48. a8=Q+ Kd4 49. Rxg5 1-0

[Event "XXIX Memorial Edoardo Crespi B"]
[Site "Milano ITA"]
[Date "2008.12.08"]
[Round "6"]
[White "Iacchetti, Giovanni"]
[Black "Bisignano, Riccardo"]
[Result "0-1"]
[WhiteElo "1889"]
[BlackElo "1891"]
[PlyCount "100"]
[EventDate "2008.12.04"]

1. Nf3 d5 2. b3 c5 3. e3 Nc6 4. Bb2 Qc7 5. Bb5 Bg4 6. O-O Nf6 7. Be5 Qb6 8. a4
a6 9. Bxc6+ Qxc6 10. d3 Nd7 11. Bb2 e5 12. h3 h5 13. e4 d4 14. Nbd2 Be7 15. Nc4
Qe6 16. Re1 g5 17. hxg4 hxg4 18. Nfxe5 Nxe5 19. Nxe5 Qxe5 20. Qxg4 Rh4 21. Qg3
Qh8 22. Kf1 Kd7 23. e5 Qh5 24. Qf3 Qxf3 25. gxf3 Ke6 26. c3 Rah8 27. cxd4 cxd4
28. Rac1 Bb4 29. Red1 Rh1+ 30. Ke2 Rxd1 31. Rxd1 Kxe5 32. Rc1 b5 33. axb5 axb5
34. Rg1 f6 35. Rg4 Bc3 36. Bc1 Ra8 37. Re4+ Kf5 38. f4 Ra1 39. fxg5 Rxc1 40.
gxf6 Re1+ 41. Kf3 Rxe4 42. dxe4+ Kxf6 43. Ke2 Ke5 44. f3 Kf4 45. Kd3 Bb2 46.
Ke2 Ba3 47. Kd3 Bc5 48. Ke2 Kg3 49. e5 Kf4 50. e6 Ke5 0-1

[Event "XXIX Memorial Edoardo Crespi B"]
[Site "Milano ITA"]
[Date "2008.12.08"]
[Round "6"]
[White "Margstahler, Francesco"]
[Black "Villalba, Fernando"]
[Result "1/2-1/2"]
[WhiteElo "1768"]
[BlackElo "1934"]
[PlyCount "73"]
[EventDate "2008.12.04"]

1. e4 g6 2. d4 Bg7 3. Nf3 d6 4. Nc3 c6 5. Be2 Nf6 6. h3 O-O 7. O-O b5 8. a3 Bb7
9. Re1 a6 10. e5 dxe5 11. Nxe5 Nbd7 12. Bf3 Nxe5 13. dxe5 Qxd1 14. Rxd1 Nd5 15.
Nxd5 cxd5 16. Bf4 e6 17. h4 Rfc8 18. c3 h6 19. Re1 Rc4 20. Bg3 Rac8 21. Rad1
R4c7 22. Rd4 Rc4 23. Re2 Rxd4 24. cxd4 Rc4 25. Rd2 h5 26. Bf4 Kh7 27. Be2 Rc1+
28. Kh2 Bh6 29. Bxh6 Kxh6 30. f4 Kg7 31. Bf3 a5 32. Rd3 Rc4 33. Rc3 Rxd4 34.
Rc7 Ba8 35. Rc8 Bb7 36. Rc7 Ba6 37. Rc6 1/2-1/2

[Event "XXIX Memorial Edoardo Crespi B"]
[Site "Milano ITA"]
[Date "2008.12.08"]
[Round "6"]
[White "Mei, Gianluca"]
[Black "Alidosi, Marco"]
[Result "1-0"]
[WhiteElo "1917"]
[BlackElo "1794"]
[PlyCount "117"]
[EventDate "2008.12.04"]

1. e4 e6 2. d4 d5 3. e5 c5 4. c3 Qb6 5. Nf3 Bd7 6. Be2 Bb5 7. c4 Bxc4 8. Bxc4
dxc4 9. d5 exd5 10. Qxd5 Qc6 11. Qxc4 Qe6 12. Qb5+ Qc6 13. Nc3 a6 14. Qe2 Nd7
15. O-O Nh6 16. Re1 O-O-O 17. e6 fxe6 18. Qxe6 Qxe6 19. Rxe6 Nb8 20. Bg5 Kd7
21. Rxh6 gxh6 22. Rd1+ Bd6 23. Bxd8 Rxd8 24. Ne5+ Ke6 25. Nc4 Bc7 26. Rxd8 Bxd8
27. a4 Nc6 28. f4 Nd4 29. Na3 Kf5 30. g3 h5 31. Kf2 Bf6 32. Nc4 Ke6 33. Ke3 b5
34. Nd2 Nf5+ 35. Kd3 Nd6 36. axb5 axb5 37. b3 Kf5 38. Nd5 Bg7 39. Ne3+ Ke6 40.
Nf3 h6 41. Nd2 Nf5 42. Ndf1 Bd4 43. Nxf5 Kxf5 44. Ne3+ Ke6 45. Ke4 b4 46. h3
Kf6 47. Nd5+ Kf7 48. Nxb4 Bf2 49. Nd3 Bxg3 50. Nxc5 Be1 51. Nd3 Ba5 52. Kf5 Kg7
53. Ke6 Bc3 54. f5 h4 55. Ne5 Bb4 56. f6+ Kf8 57. Nc6 Bc5 58. b4 Bb6 59. Ne7
1-0

[Event "XXIX Memorial Edoardo Crespi B"]
[Site "Milano ITA"]
[Date "2008.12.08"]
[Round "6"]
[White "Mircoli, Filippo"]
[Black "Cani, Gazmir"]
[Result "0-1"]
[WhiteElo "1846"]
[BlackElo "1867"]
[PlyCount "73"]
[EventDate "2008.12.04"]

1. e4 Nf6 2. Nc3 d5 3. e5 Ne4 4. d4 Nxc3 5. bxc3 c5 6. Nf3 Bg4 7. Be2 e6 8. O-O
Be7 9. Be3 O-O 10. Qd2 Nc6 11. h3 Bh5 12. dxc5 Bxf3 13. Bxf3 Nxe5 14. Be2 Qa5
15. Bd4 Nd7 16. Rfb1 Qc7 17. f4 Bxc5 18. Kh1 Bd6 19. Rf1 Nc5 20. Qe3 Ne4 21.
Bd3 f5 22. Rab1 b6 23. a4 Rae8 24. Ba6 Nc5 25. Bxc5 Bxc5 26. Qg3 Rf6 27. a5 h6
28. Bb5 Re7 29. a6 g5 30. Rbe1 Bd6 31. Qf3 Bxf4 32. c4 d4 33. Qa8+ Kg7 34. Bc6
Rf8 35. Qb7 Qd6 36. Qxe7+ Qxe7 37. Bd5 0-1

[Event "XXIX Memorial Edoardo Crespi B"]
[Site "Milano ITA"]
[Date "2008.12.08"]
[Round "6"]
[White "Moreschi, Mauro"]
[Black "Landais, Federico"]
[Result "1-0"]
[WhiteElo "1866"]
[BlackElo "1888"]
[PlyCount "87"]
[EventDate "2008.12.04"]

1. e4 c6 2. d4 d5 3. e5 Bf5 4. h4 h6 5. g4 Bd7 6. f4 e6 7. h5 Qb6 8. Nf3 c5 9.
c3 Nc6 10. dxc5 Bxc5 11. Qb3 Bf2+ 12. Ke2 Nge7 13. Rh2 Na5 14. Qxb6 Bxb6 15.
Na3 Rc8 16. Be3 Bxe3 17. Kxe3 a6 18. Rc1 b5 19. Rhc2 Nc4+ 20. Nxc4 dxc4 21. Nd4
Nd5+ 22. Kf3 Rc7 23. Kg3 Bc8 24. Re2 Bb7 25. Bg2 Ne7 26. Bxb7 Rxb7 27. f5 Rb6
28. fxe6 fxe6 29. Rf1 Rf8 30. Rxf8+ Kxf8 31. Rf2+ Ke8 32. g5 hxg5 33. Kg4 a5
34. Kxg5 b4 35. cxb4 axb4 36. Rc2 b3 37. axb3 cxb3 38. Rc3 Nd5 39. Rxb3 Rxb3
40. Nxb3 Kf7 41. Nd4 Nb4 42. Nxe6 Kxe6 43. Kg6 Nd3 44. Kxg7 1-0

[Event "XXIX Memorial Edoardo Crespi B"]
[Site "Milano ITA"]
[Date "2008.12.08"]
[Round "6"]
[White "Murli, Almerico"]
[Black "Quagliarella, Sabino Remo"]
[Result "1-0"]
[WhiteElo "1842"]
[BlackElo "1978"]
[PlyCount "77"]
[EventDate "2008.12.04"]

1. e4 g6 2. d4 Bg7 3. Nc3 c6 4. f4 d5 5. e5 Nh6 6. Nf3 Bg4 7. Be3 Qb6 8. Rb1
Nf5 9. Bf2 Bxf3 10. Qxf3 h5 11. Qd1 Nd7 12. Bd3 e6 13. O-O Qd8 14. Ne2 Nh6 15.
h3 Nb6 16. b3 Nc8 17. Qe1 Ne7 18. Bh4 Qd7 19. Bxe7 Qxe7 20. b4 a6 21. c3 h4 22.
Kh1 Nf5 23. Bxf5 gxf5 24. Nc1 O-O-O 25. Nd3 Rdg8 26. a4 Bf8 27. b5 axb5 28.
axb5 Qc7 29. bxc6 bxc6 30. Rf2 Rg3 31. Qf1 Kd7 32. Rfb2 Rhg8 33. Rb7 Re3 34.
Rxc7+ Kxc7 35. Re1 Reg3 36. Ra1 Be7 37. Ra7+ Kd8 38. Qb1 Ke8 39. Qb7 1-0

[Event "XXIX Memorial Edoardo Crespi B"]
[Site "Milano ITA"]
[Date "2008.12.08"]
[Round "6"]
[White "Olivo, Mario"]
[Black "Cerioni, Armando"]
[Result "0-1"]
[WhiteElo "1878"]
[BlackElo "1976"]
[PlyCount "56"]
[EventDate "2008.12.04"]

1. Nf3 d6 2. d3 e5 3. e4 f5 4. exf5 Bxf5 5. Nc3 Nf6 6. g3 Be7 7. Bg2 c6 8. h3
Nbd7 9. O-O O-O 10. b3 Qe8 11. Nh4 Be6 12. Bb2 g5 13. Nf3 g4 14. Ng5 Bf5 15.
hxg4 Nxg4 16. Nf3 Qh5 17. Re1 d5 18. Qd2 Nxf2 19. Qxf2 Bg4 20. Ne2 Bxf3 21.
Bxf3 Rxf3 22. Qg2 Raf8 23. a3 Bg5 24. Bc1 Bxc1 25. Raxc1 Qg5 26. Rf1 Qe3+ 27.
Kh1 R8f6 28. Ng1 Rh6+ 0-1

[Event "XXIX Memorial Edoardo Crespi B"]
[Site "Milano ITA"]
[Date "2008.12.08"]
[Round "6"]
[White "Oteri, Aldo"]
[Black "Delledonne, Francesco"]
[Result "0-1"]
[WhiteElo "1831"]
[BlackElo "1938"]
[PlyCount "106"]
[EventDate "2008.12.04"]

1. e4 c6 2. d4 d5 3. exd5 cxd5 4. c4 Nf6 5. Nc3 e6 6. Nf3 Bb4 7. Qc2 O-O 8.
cxd5 Nxd5 9. Bd3 h6 10. O-O Nc6 11. a3 Be7 12. Re1 Nf6 13. Be3 a6 14. Rad1 Qa5
15. Ne4 Nd5 16. Bd2 Qb6 17. Nc3 Nf6 18. Ne4 Nxd4 19. Nxd4 Qxd4 20. Bc3 Qb6 21.
Nxf6+ Bxf6 22. Bxf6 gxf6 23. Re3 e5 24. Bc4 Be6 25. Rg3+ Kh8 26. Qd2 Kh7 27.
Bd3+ f5 28. Rh3 Bc8 29. g4 Rg8 30. g5 Rg6 31. Kh1 Be6 32. f3 Rag8 33. Rg1 f6
34. Rhg3 Rxg5 35. Qc2 Qc6 36. Rxg5 Rxg5 37. Qxc6 Rxg1+ 38. Kxg1 bxc6 39. Bxa6
Bd5 40. Kf2 c5 41. Bd3 e4 42. Bc2 Kg6 43. f4 Bc4 44. b4 cxb4 45. axb4 Bb5 46.
Bd1 Kf7 47. Ke3 Ke6 48. Kd4 Kd6 49. Bb3 Ba6 50. Bc4 Bxc4 51. Kxc4 Kc6 52. h3
Kb6 53. b5 h5 0-1

[Event "XXIX Memorial Edoardo Crespi B"]
[Site "Milano ITA"]
[Date "2008.12.08"]
[Round "6"]
[White "Pasquotto, Mirko"]
[Black "Fornasir, Carlo Gustavo"]
[Result "1-0"]
[WhiteElo "1921"]
[BlackElo "1919"]
[PlyCount "67"]
[EventDate "2008.12.04"]

1. d4 Nf6 2. c4 g6 3. Nc3 Bg7 4. e4 d6 5. Nf3 O-O 6. Be2 Nbd7 7. O-O e5 8. d5
Nc5 9. Qc2 a5 10. a3 Bd7 11. Be3 Na6 12. Ne1 Ng4 13. Bxg4 Bxg4 14. f3 Bd7 15.
Nd3 Qe7 16. b4 axb4 17. axb4 b6 18. Ra2 c5 19. dxc6 Be6 20. Nd5 Bxd5 21. cxd5
b5 22. Rfa1 Nc7 23. Ra7 f5 24. Bb6 fxe4 25. fxe4 Bh6 26. Qd1 Rac8 27. Qe2 Rf7
28. Rf1 Rxf1+ 29. Qxf1 Bd2 30. Qe2 Bc3 31. h3 Bd4+ 32. Bxd4 exd4 33. Qg4 Re8
34. Qd7 1-0

[Event "XXIX Memorial Edoardo Crespi B"]
[Site "Milano ITA"]
[Date "2008.12.08"]
[Round "6"]
[White "Piantoni, Pierino"]
[Black "Rossi, Giampiero"]
[Result "0-1"]
[WhiteElo "1935"]
[BlackElo "1984"]
[PlyCount "100"]
[EventDate "2008.12.04"]

1. c4 e6 2. g3 d5 3. Bg2 c6 4. b3 Nf6 5. Bb2 Nbd7 6. Nf3 Be7 7. O-O O-O 8. d3
b6 9. Nbd2 Bb7 10. e4 Rc8 11. e5 Ne8 12. Qe2 Qc7 13. Rac1 Qb8 14. a3 Nc7 15. h4
Rfd8 16. g4 Ne8 17. g5 dxc4 18. bxc4 c5 19. h5 Nf8 20. Ne4 Bxe4 21. Qxe4 Rd7
22. Rc3 Rcd8 23. Rb3 g6 24. h6 Qc8 25. Qe3 Rc7 26. Nd2 Nd7 27. Ne4 Nb8 28. Qf4
Qd7 29. Nd6 Bf8 30. Re1 Nc6 31. Bxc6 Rxc6 32. Ne4 Rc7 33. Re3 Qe7 34. Rf3 Rcd7
35. a4 Rb7 36. a5 Rdb8 37. a6 Rd7 38. Nd6 Rbd8 39. d4 Nxd6 40. exd6 Qxd6 41.
Qe4 Qe7 42. dxc5 Rd1+ 43. Kg2 Qxg5+ 44. Rg3 Qxh6 45. Rh3 Qg5+ 46. Rbg3 Qxc5 47.
Rxh7 Kxh7 48. Rh3+ Bh6 49. Qf4 Qc6+ 50. f3 R8d2+ 0-1

[Event "XXIX Memorial Edoardo Crespi B"]
[Site "Milano ITA"]
[Date "2008.12.08"]
[Round "6"]
[White "Pulvirenti, Gianni"]
[Black "Kimbin, Richard Conrod"]
[Result "0-1"]
[WhiteElo "1945"]
[BlackElo "1697"]
[PlyCount "112"]
[EventDate "2008.12.04"]

1. d4 Nf6 2. c4 g6 3. Nc3 Bg7 4. e4 d6 5. Nge2 Nbd7 6. Ng3 e5 7. d5 O-O 8. Be2
h5 9. h4 Nb6 10. Bg5 Qe8 11. a4 a6 12. a5 Nbd7 13. b4 Nh7 14. Be3 Ndf6 15. f3
Qe7 16. Bd3 Ne8 17. Rc1 Bf6 18. Kd2 Bxh4 19. Nf1 Bg5 20. g4 hxg4 21. fxg4 Bxe3+
22. Nxe3 Qg5 23. Qe2 Nef6 24. Rcg1 Kg7 25. Kc2 Rh8 26. Rg2 Nf8 27. Rhg1 Rh3 28.
Ncd1 Bd7 29. c5 dxc5 30. bxc5 Bb5 31. Kb2 Nxe4 32. Nf5+ Kf6 33. Bxb5 axb5 34.
Qxe4 gxf5 35. gxf5 Qh6 36. Re2 Qf4 37. Rg4 Qxe4 38. Rgxe4 Rxa5 39. Rxe5 b4 40.
Re8 b3 41. Nc3 Nh7 42. R8e7 Rxc5 43. Ne4+ Kxe7 44. Nxc5+ Kd6 45. Nxb7+ Kxd5 46.
Re7 c5 47. Rxf7 c4 48. Rc7 Rh2+ 49. Kb1 Nf6 50. Na5 Rc2 51. Rc6 Ne4 52. Nxb3
Rf2 53. Na5 Rxf5 54. Rc8 c3 55. Nb3 Rf2 56. Rc7 Rb2+ 0-1

[Event "XXIX Memorial Edoardo Crespi B"]
[Site "Milano ITA"]
[Date "2008.12.08"]
[Round "6"]
[White "Scarpellini, Felice"]
[Black "Di Paola, Antonio"]
[Result "1/2-1/2"]
[WhiteElo "1849"]
[BlackElo "1748"]
[PlyCount "53"]
[EventDate "2008.12.04"]

1. c4 Nf6 2. Nc3 e6 3. g3 d5 4. cxd5 exd5 5. d4 c6 6. Bg2 Bd6 7. Nf3 O-O 8. O-O
Re8 9. Bg5 h6 10. Bxf6 Qxf6 11. a3 Bf5 12. b4 Nd7 13. Na4 Qe6 14. e3 b5 15. Nc5
Nxc5 16. dxc5 Bc7 17. Nd4 Qd7 18. Qb3 Be5 19. Rad1 Bxd4 20. Rxd4 Bh3 21. Rfd1
Bxg2 22. Kxg2 f5 23. f3 Qf7 24. Re1 Re6 25. Qd3 Rae8 26. Re2 g6 27. Kf2 1/2-1/2

[Event "XXIX Memorial Edoardo Crespi B"]
[Site "Milano ITA"]
[Date "2008.12.08"]
[Round "6"]
[White "Trent, Alan M."]
[Black "Ciciotti, Augusto"]
[Result "1/2-1/2"]
[WhiteElo "1867"]
[BlackElo "1900"]
[PlyCount "84"]
[EventDate "2008.12.04"]

1. e4 c5 2. Nf3 d6 3. Bb5+ Bd7 4. Bxd7+ Qxd7 5. O-O Nc6 6. Re1 g6 7. c3 Bg7 8.
d4 cxd4 9. cxd4 Nf6 10. Nc3 O-O 11. h3 e6 12. Bf4 a6 13. a3 Nh5 14. Bh2 Rfd8
15. Rc1 b5 16. g4 Nf6 17. e5 dxe5 18. Nxe5 Nxe5 19. Bxe5 Qe7 20. Qf3 Rac8 21.
g5 Nd7 22. h4 Nxe5 23. dxe5 h6 24. Qg3 Rc4 25. Ne4 Rdd4 26. Rxc4 Rxc4 27. gxh6
Bxh6 28. Nf6+ Kh8 29. Qf3 Kg7 30. Rd1 Rc1 31. Rxc1 Bxc1 32. Qa8 Qf8 33. Qxa6
Bxb2 34. Qxb5 Qxa3 35. Ne8+ Kh6 36. Kg2 Bd4 37. Nf6 Kg7 38. Qb8 Qf8 39. Qxf8+
Kxf8 40. f4 Bb2 41. Kf3 Bc1 42. Kg4 Bd2 1/2-1/2